000 00299nam a2200109Ia 4500
008 240731s9999 xx 000 0 und d
245 0 _aCritical Insights in Environmental Toxicology
260 _bTaylor & Francis
856 _uhttps://www.tandfonline.com/loi/tetx20
942 _2ddc
942 _cTFEJ
999 _c76112
_d76112
945 _a1
_bMadushi Gamage
_c1
_dMadushi Gamage